Chanteurs et groupes par lettre - G - Statistiques

Statistiques générales
  • Ce quiz a été pris 869 fois
  • Le résultat moyen est 10 sur 18
Statistiques - réponses
Période d’activité Pays Chansons Groupe ou artiste % Correct
2002 - Est-ce que tu m’aimes ? | J’me tire GIMS
87%
2008 - Toi + Moi | Ta main Grégoire
87%
1998 - Sous le vent | Belle Garou
86%
1969 - On va s’aimer | Les sunlights des tropiques Gilbert Montagné
86%
1999 - 2007 SOS d’un terrien en détresse | Écris l’histoire Gregory Lemarchal
76%
1975 - I Will Survive | I Am What I Am Gloria Gaynor
64%
1951 - 1981 Les copains d’abord | Chanson pour l’auvergnat Georges Brassens
62%
1990 - American Idiot | Boulevard of Broken Dreams Green Day
51%
2013 - Ne reviens pas | Rosa Gradur
50%
1987 - 2016 Faith | Careless Whisper George Michael
49%
2003 - Somebody That I Used to Know | Eyes Wide Open Gotye
49%
2000 - Feel Good, Inc. | Clint Eastwood Gorillaz
48%
1978 - Bamboléo | Djobi, Djoba Gipsy Kings
46%
2003 - Mais je t’aime | Roméo kiffe Juliette Grand Corps Malade
38%
1987 - Sweet Child o' Mine | Welcome To The Jungle Guns n' Roses
37%
2004 - Hollaback Girl | The Sweet Escape Gwen Stefani
37%
1968 - 2001 My Sweet Lord | Got My Mind Set on You George Harrison
19%
1987 - Iris | Slide Goo Goo Dolls
12%
Aucun quiz correspondant
Distribution des résultats
% des personnes avec chaque résultat
Percentile par nombre de réponses
Votre historique - résultats
Vous n’avez pas pris ce quiz